[Event "V4 OPEN - International Championship of Slovakia 2
[Site "Banska Stiavnica"]
[Date "2013.07.13"]
[Round "8"]
[Board "66"]
[White "Ondras, Juraj"]
[Black "Gonda, Jozef"]
[Result "1-0"]
[WhiteElo "2016"]
[BlackElo "1808"]
[PlyCount "79"]
[EventDate "2013.07.06"]
[EventRounds "9"]
[EventCountry "SVK"]

1. Nf3 Nf6 2. c4 c5 3. b3 g6 4. Bb2 Bg7 5. g3 O-O 6. Bg2 Nc6 7. O-O d6 8. d4
cxd4 9. Nxd4 Bd7 10. Nc3 Rb8 11. e4 Nxd4 12. Qxd4 b6 13. Rfd1 Ne8 14. Qd2 Bg4
15. f3 Bc8 16. f4 Bb7 17. Kh1 Nc7 18. Qe2 Qe8 19. Rac1 Ne6 20. Na4 Bxb2 21.
Qxb2 b5 22. cxb5 Qxb5 23. Nc3 Qe8 24. Qa3 a6 25. Nd5 Kg7 26. b4 f6 27. Qa5 Rf7
28. a3 h5 29. h4 Kh6 30. Kh2 Ng7 31. Ne3 e5 32. f5 gxf5 33. exf5 Bxg2 34. Kxg2
Qd7 35. Qd5 Rd8 36. Rf1 Qa7 37. Rc3 Qb7 38. Rd1 Qb6 39. Qxf7 d5 40. Qg6# 1-0

[Event "V4 OPEN - International Championship of Slovakia 2
[Site "Banska Stiavnica"]
[Date "2013.07.13"]
[Round "8"]
[Board "67"]
[White "Stanko, Ivan"]
[Black "Marczuk, Anna"]
[Result "1-0"]
[WhiteElo "1949"]
[BlackElo "1778"]
[PlyCount "105"]
[EventDate "2013.07.06"]
[EventRounds "9"]
[EventCountry "SVK"]

1. e4 c5 2. c3 d5 3. exd5 Qxd5 4. d4 Nf6 5. Nf3 e6 6. Na3 Nc6 7. Be2 a6 8. Nc4
Qd8 9. O-O cxd4 10. cxd4 Be7 11. Be3 O-O 12. Nfe5 Nxe5 13. dxe5 Nd5 14. Bd2 b6
15. Bf3 Bb7 16. Ne3 Nxe3 17. Bxe3 Bxf3 18. Qxf3 Qc7 19. Qe4 Rac8 20. Rac1 Qb8
21. g3 Rfd8 22. Rfd1 Rxc1 23. Rxc1 Rd5 24. Qc4 Qxe5 25. Qxa6 h6 26. Qxb6 Rb5
27. Qd4 Bf6 28. Qd3 g5 29. b3 Qb8 30. Qd7 Rd5 31. Rc8+ Kg7 32. Qxf7+ Kxf7 33.
Rxb8 Rd1+ 34. Kg2 Ra1 35. a4 Be7 36. Rb7 Ke8 37. Kf3 h5 38. Rb5 Rb1 39. a5 Ra1
40. Bxg5 Bxg5 41. Rxg5 Ra3 42. Rb5 Kd7 43. Ke4 Kc6 44. Rb6+ Kd7 45. b4 Ra2 46.
Ke3 Ra3+ 47. Kf4 Ra2 48. Kf3 e5 49. h4 Kc7 50. Ke3 Ra3+ 51. Ke4 Ra2 52. Kxe5
Rxf2 53. Ke4 1-0

[Event "V4 OPEN - International Championship of Slovakia 2
[Site "Banska Stiavnica"]
[Date "2013.07.13"]
[Round "8"]
[Board "68"]
[White "Nasuta, Andrzej"]
[Black "Hyll, Jan"]
[Result "0-1"]
[WhiteElo "1818"]
[BlackElo "1899"]
[PlyCount "46"]
[EventDate "2013.07.06"]
[EventRounds "9"]
[EventCountry "SVK"]

1. e4 d5 2. exd5 Nf6 3. Nf3 Nxd5 4. d4 Bg4 5. c4 Nb6 6. c5 N6d7 7. Bc4 e6 8. b4
Nc6 9. a3 Bxf3 10. gxf3 Qf6 11. Be3 O-O-O 12. Nd2 Nxd4 13. O-O Ne5 14. Bxd4
Rxd4 15. Be2 Qg5+ 16. Kh1 Qxd2 17. Qxd2 Rxd2 18. Bb5 a6 19. Ba4 Nxf3 20. Kg2
Nh4+ 21. Kg3 Be7 22. Rae1 Rd3+ 23. Re3 Nf5+ 0-1

[Event "V4 OPEN - International Championship of Slovakia 2
[Site "Banska Stiavnica"]
[Date "2013.07.13"]
[Round "8"]
[Board "69"]
[White "Jancura, Andrej"]
[Black "Weis, Dusan"]
[Result "1-0"]
[WhiteElo "1885"]
[BlackElo "1754"]
[PlyCount "81"]
[EventDate "2013.07.06"]
[EventRounds "9"]
[EventCountry "SVK"]

1. d4 Nf6 2. Nf3 e6 3. g3 b6 4. Bg2 Bb7 5. O-O c5 6. c3 cxd4 7. cxd4 Be7 8. Nc3
O-O 9. Bf4 a6 10. Rc1 d6 11. Qd3 Nbd7 12. Rc2 Rc8 13. Rfc1 b5 14. Nd2 Bxg2 15.
Kxg2 Nb6 16. e4 Qd7 17. Be3 Qb7 18. f3 Rfd8 19. Ne2 h6 20. b3 Nfd7 21. Rxc8
Rxc8 22. Rxc8+ Nxc8 23. Qc2 Bf6 24. Nb1 Ne7 25. Nd2 Nc6 26. Nf1 d5 27. e5 Bd8
28. f4 Bb6 29. g4 Qa7 30. Qxc6 Nf8 31. Nd2 Ng6 32. Nf3 Kh7 33. f5 Ne7 34. Qc2
exf5 35. gxf5 g6 36. Ng3 Qd7 37. f6 Ng8 38. h3 Qe6 39. Bxh6 Qe8 40. Bg7 Bxd4
41. Ng5# 1-0

[Event "V4 OPEN - International Championship of Slovakia 2
[Site "Banska Stiavnica"]
[Date "2013.07.13"]
[Round "8"]
[Board "70"]
[White "Hipszki, Julius"]
[Black "Recky, Norbert"]
[Result "1/2-1/2"]
[WhiteElo "1776"]
[BlackElo "1879"]
[PlyCount "76"]
[EventDate "2013.07.06"]
[EventRounds "9"]
[EventCountry "SVK"]

1. e4 c5 2. Nf3 d6 3. d4 cxd4 4. Nxd4 Nf6 5. Nc3 e6 6. Be3 a6 7. a4 b6 8. Nb3
Nc6 9. Be2 Bb7 10. O-O Qc7 11. f4 Be7 12. g4 Nb4 13. Bf3 d5 14. exd5 Nfxd5 15.
Nxd5 Nxd5 16. Bxd5 Bxd5 17. c3 Bxb3 18. Qxb3 Bc5 19. Bxc5 Qxc5+ 20. Kg2 Rd8 21.
Rad1 Ke7 22. Qc2 a5 23. Qe4 Rd5 24. Rxd5 Qxd5 25. Qxd5 exd5 26. Rd1 Ke6 27. Kf3
Rc8 28. Rd3 Kd6 29. b3 Kc6 30. Ke2 Kc5 31. Re3 d4 32. Re5+ Kd6 33. cxd4 Rc3 34.
Rb5 Kc7 35. Kd2 Rh3 36. d5 Rxh2+ 37. Ke3 Rh6 38. Ke4 Rd6 1/2-1/2

[Event "V4 OPEN - International Championship of Slovakia 2
[Site "Banska Stiavnica"]
[Date "2013.07.13"]
[Round "8"]
[Board "71"]
[White "Pal, Csanad"]
[Black "Jedrocha, Katarzyna"]
[Result "1/2-1/2"]
[WhiteElo "1878"]
[BlackElo "1676"]
[PlyCount "60"]
[EventDate "2013.07.06"]
[EventRounds "9"]
[EventCountry "SVK"]

1. e4 e5 2. Nf3 Nf6 3. d4 Nxe4 4. Nxe5 d6 5. Nf3 Be7 6. Bf4 O-O 7. Nbd2 Bf5 8.
Be2 Nc6 9. O-O d5 10. Re1 Re8 11. Bb5 a6 12. Bxc6 bxc6 13. Ne5 Qd6 14. f3 Nxd2
15. Qxd2 f6 16. Ng6 Qd7 17. Nxe7+ Rxe7 18. Rxe7 Qxe7 19. Re1 Qd7 20. Kf2 Kf7
21. Qc3 Rb8 22. b3 Rb5 23. a4 Rb6 24. Qc5 h6 25. Bd2 Qd6 26. b4 Qxc5 27. dxc5
Rb8 28. c3 Rd8 29. Be3 Bc2 30. a5 Rd7 1/2-1/2

[Event "V4 OPEN - International Championship of Slovakia 2
[Site "Banska Stiavnica"]
[Date "2013.07.13"]
[Round "8"]
[Board "72"]
[White "Miklasova, Emma"]
[Black "Malinovsky, Jozef"]
[Result "0-1"]
[WhiteElo "1601"]
[BlackElo "1846"]
[PlyCount "130"]
[EventDate "2013.07.06"]
[EventRounds "9"]
[EventCountry "SVK"]

1. e4 g6 2. d4 Bg7 3. Nf3 d6 4. h3 Nd7 5. Nc3 e5 6. d5 a6 7. Be2 Ne7 8. Be3 O-O
9. O-O Nb6 10. Qd2 f6 11. Rad1 Bd7 12. Qc1 Nbc8 13. Rd3 Qe8 14. Rfd1 Kh8 15. b3
Rg8 16. Nh2 f5 17. f3 f4 18. Bf2 g5 19. R1d2 Ng6 20. Qe1 Qd8 21. Kh1 h5 22. g4
fxg3 23. Bxg3 h4 24. Bf2 Nf4 25. Re3 Bxh3 26. Bf1 Bh6 27. Rd1 Qd7 28. Na4 b5
29. Nb2 Ne7 30. Rc3 Rac8 31. a4 Bxf1 32. Qxf1 Qh3 33. Qxh3 Nxh3 34. Bg1 Nf4 35.
axb5 axb5 36. Ng4 Kg7 37. Rd2 Rgf8 38. Nd3 Nxd3 39. Rdxd3 Rf7 40. Kg2 Kg6 41.
b4 Bg7 42. Ra3 Ng8 43. Ra5 Rb8 44. Ra7 Bf6 45. Rc3 Bd8 46. Rc6 Kg7 47. Kf2 Ne7
48. Rca6 c6 49. Kg2 cxd5 50. Rxd6 dxe4 51. fxe4 Ng6 52. Rxf7+ Kxf7 53. Bh2 Nf4+
54. Kf3 Rc8 55. Nxe5+ Ke7 56. Rd7+ Ke6 57. Bxf4 gxf4 58. Kxf4 Bc7 59. Rd5 Rf8+
60. Kg5 Bxe5 61. Kxh4 Rf4+ 62. Kh3 Rxe4 63. Rxb5 Rc4 64. Rb6+ Kf5 65. b5 Rxc2
0-1

[Event "V4 OPEN - International Championship of Slovakia 2
[Site "Banska Stiavnica"]
[Date "2013.07.13"]
[Round "8"]
[Board "73"]
[White "Bango, Lukas"]
[Black "Goga, Frantisek"]
[Result "1-0"]
[WhiteElo "1757"]
[BlackElo "1907"]
[PlyCount "55"]
[EventDate "2013.07.06"]
[EventRounds "9"]
[EventCountry "SVK"]

1. c4 Nf6 2. Nc3 g6 3. g3 Bg7 4. Bg2 O-O 5. Nf3 c5 6. O-O Nc6 7. d4 d6 8. a3 a6
9. dxc5 dxc5 10. Qc2 Nd4 11. Nxd4 cxd4 12. Rd1 e5 13. Bg5 Qc7 14. Bxf6 dxc3 15.
Bxg7 cxb2 16. Qxb2 Kxg7 17. Rd5 f6 18. Rad1 Rb8 19. Rd6 Qxc4 20. Rc1 Qf7 21.
Bd5 Qe7 22. Qb6 Kh6 23. Rc7 Qe8 24. Qe3+ g5 25. h4 Qg6 26. Be4 Bf5 27. hxg5+
Kh5 28. g4+ 1-0

[Event "V4 OPEN - International Championship of Slovakia 2
[Site "Banska Stiavnica"]
[Date "2013.07.13"]
[Round "8"]
[Board "74"]
[White "Brnusak, Andrej"]
[Black "Durica, Andrej"]
[Result "0-1"]
[WhiteElo "1566"]
[BlackElo "1854"]
[PlyCount "50"]
[EventDate "2013.07.06"]
[EventRounds "9"]
[EventCountry "SVK"]

1. e4 e5 2. Nf3 f5 3. Nxe5 Qe7 4. Qh5+ g6 5. Nxg6 Qxe4+ 6. Be2 Nf6 7. Qh4 Qxg2
8. Qxf6 Qxh1+ 9. Bf1 Qe4+ 10. Be2 Rg8 11. Qe5+ Qxe5 12. Nxe5 Rg1+ 13. Bf1 d6
14. Nf3 Rh1 15. Ke2 f4 16. Nc3 Bg4 17. Bg2 Rxh2 18. Kf1 Bxf3 19. Bxf3 Nc6 20.
Nd5 O-O-O 21. Nxf4 Ne5 22. Bg2 Bh6 23. d3 Rg8 24. Bd5 Rf8 25. Ng2 Rh1+ 0-1

[Event "V4 OPEN - International Championship of Slovakia 2
[Site "Banska Stiavnica"]
[Date "2013.07.13"]
[Round "8"]
[Board "75"]
[White "Horak, Miroslav"]
[Black "Piovar, Jaroslav"]
[Result "1/2-1/2"]
[WhiteElo "1823"]
[BlackElo "1564"]
[PlyCount "58"]
[EventDate "2013.07.06"]
[EventRounds "9"]
[EventCountry "SVK"]

1. c4 e6 2. Nc3 d5 3. e3 c5 4. cxd5 exd5 5. Bb5+ Ke7 6. d4 a6 7. Be2 Nf6 8.
dxc5 Nc6 9. Bf3 Be6 10. Nge2 Ke8 11. Nf4 Bxc5 12. Nfxd5 Nxd5 13. Nxd5 Ne5 14.
Nf4 Nxf3+ 15. gxf3 Qxd1+ 16. Kxd1 Rd8+ 17. Kc2 Bf5+ 18. e4 Bd7 19. Be3 Bb4 20.
Rac1 Ba4+ 21. Kb1 Bc6 22. Bb6 Rd6 23. Be3 f6 24. a3 Ba5 25. Bc5 Rd2 26. Rhd1
Kf7 27. b4 Rxd1 28. Rxd1 Bc7 29. Ne2 Bxh2 1/2-1/2

[Event "V4 OPEN - International Championship of Slovakia 2
[Site "Banska Stiavnica"]
[Date "2013.07.13"]
[Round "8"]
[Board "76"]
[White "Vrtiakova, Anna"]
[Black "Jancsy, Peter"]
[Result "1-0"]
[WhiteElo "1805"]
[BlackElo "1613"]
[PlyCount "67"]
[EventDate "2013.07.06"]
[EventRounds "9"]
[EventCountry "SVK"]

1. e4 e5 2. Nf3 Nf6 3. Nc3 Bb4 4. Bc4 Bxc3 5. dxc3 d6 6. Bg5 h6 7. Bh4 Bg4 8.
h3 Bh5 9. Qe2 a6 10. O-O-O Nc6 11. Bd5 Qe7 12. g4 Bg6 13. Rhe1 Bh7 14. Nd2 g5
15. Bxc6+ bxc6 16. Bg3 Qe6 17. c4 O-O 18. f3 c5 19. h4 Kh8 20. hxg5 hxg5 21.
Rh1 Rg8 22. Rh3 Rg7 23. Rdh1 Nd7 24. Qh2 Nf8 25. b3 f6 26. Nf1 Kg8 27. Ne3 c6
28. Nf5 Bxf5 29. gxf5 Qe7 30. Rh8+ Kf7 31. Qh5+ Ng6 32. fxg6+ Ke6 33. Qg4+ f5
34. Qxf5# 1-0

[Event "V4 OPEN - International Championship of Slovakia 2
[Site "Banska Stiavnica"]
[Date "2013.07.13"]
[Round "8"]
[Board "77"]
[White "Feldvabl, Vilem"]
[Black "Durica, Adam"]
[Result "1-0"]
[WhiteElo "1794"]
[BlackElo "1450"]
[PlyCount "113"]
[EventDate "2013.07.06"]
[EventRounds "9"]
[EventCountry "SVK"]

1. d4 d5 2. c4 c6 3. cxd5 cxd5 4. Nf3 Nc6 5. Nc3 Nf6 6. Bg5 Ne4 7. Bf4 Qa5 8.
Bd2 Nxd2 9. Qxd2 h6 10. e3 e6 11. Bb5 Bd7 12. Bxc6 bxc6 13. O-O Bb4 14. Ne5
Bxc3 15. Qxc3 Qxc3 16. bxc3 Rc8 17. Rab1 f6 18. Ng6 Rh7 19. Rb7 a6 20. Rfb1 e5
21. R1b6 exd4 22. cxd4 c5 23. dxc5 Rxc5 24. h3 Rc1+ 25. Kh2 Rc2 26. Rxa6 Rxf2
27. Rxd7 Kxd7 28. Nf8+ Ke7 29. Nxh7 Kf7 30. Kg3 Rb2 31. Ra8 Rc2 32. a4 Rc3 33.
Kf2 Rc2+ 34. Kf3 Rc3 35. Rd8 d4 36. Rxd4 Kg8 37. Nxf6+ gxf6 38. a5 Ra3 39. Rd5
Ra4 40. e4 Kg7 41. h4 Kg6 42. h5+ Kf7 43. g4 Ra3+ 44. Kf4 Ra2 45. Rb5 Ra3 46.
Rb7+ Ke8 47. Rh7 Rxa5 48. Rxh6 Ra3 49. Rxf6 Rh3 50. e5 Rh1 51. h6 Rf1+ 52. Kg5
Rh1 53. Kg6 Ke7 54. g5 Ra1 55. h7 Ra8 56. Kg7 Re8 57. h8=Q 1-0

[Event "V4 OPEN - International Championship of Slovakia 2
[Site "Banska Stiavnica"]
[Date "2013.07.13"]
[Round "8"]
[Board "78"]
[White "Gregusova, Katarina"]
[Black "Vitek, Matej"]
[Result "0-1"]
[WhiteElo "1544"]
[BlackElo "1771"]
[PlyCount "96"]
[EventDate "2013.07.06"]
[EventRounds "9"]
[EventCountry "SVK"]

1. d4 Nf6 2. c4 e6 3. Bg5 h6 4. Bh4 Bb4+ 5. Nc3 g5 6. Bg3 d6 7. a3 Bxc3+ 8.
bxc3 b6 9. e3 Bb7 10. Be2 Bxg2 11. Bf3 Bxh1 12. Bxh1 c6 13. Qa4 d5 14. cxd5 b5
15. Qb4 exd5 16. a4 bxa4 17. Rxa4 Nbd7 18. Bf3 Qb6 19. Qa3 a5 20. c4 Qb7 21.
cxd5 cxd5 22. Rxa5 Rxa5 23. Qxa5 O-O 24. Kf1 Ra8 25. Qc3 Qa6+ 26. Kg2 Rc8 27.
Qb3 Qc4 28. Qb7 Qc6 29. Qb3 Nb6 30. Be5 Nfd7 31. Bg4 Nc4 32. Nf3 Re8 33. Bxd7
Qxd7 34. Bg3 f6 35. h4 Qg4 36. hxg5 hxg5 37. Qa4 Qe4 38. Kh2 Re7 39. Qa8+ Kg7
40. Ne1 Kg6 41. Kg1 Re8 42. Qc6 Nd2 43. Ng2 Qb1+ 44. Kh2 Rh8+ 45. Bh4 Nf3+ 46.
Kg3 Nxh4 47. Nxh4+ gxh4+ 48. Kf4 Qe4# 0-1

[Event "V4 OPEN - International Championship of Slovakia 2
[Site "Banska Stiavnica"]
[Date "2013.07.13"]
[Round "8"]
[Board "79"]
[White "Hudec, Timotej"]
[Black "Laho, Matus"]
[Result "0-1"]
[WhiteElo "1644"]
[BlackElo "1221"]
[PlyCount "112"]
[EventDate "2013.07.06"]
[EventRounds "9"]
[EventCountry "SVK"]

1. e4 e6 2. d4 d5 3. e5 c5 4. c3 Nc6 5. Bb5 Qb6 6. Bxc6+ bxc6 7. Nf3 cxd4 8.
cxd4 c5 9. dxc5 Bxc5 10. O-O Ba6 11. Nc3 Bxf1 12. Qxf1 Ne7 13. Qb5+ Qxb5 14.
Nxb5 O-O 15. Bg5 f6 16. exf6 gxf6 17. Bh6 Rfc8 18. Nbd4 Bxd4 19. Nxd4 Kf7 20.
Re1 e5 21. Nb5 Rc6 22. b3 a6 23. Na3 a5 24. Bc1 Nf5 25. Bb2 Nd6 26. f3 Rb8 27.
Rd1 a4 28. Rxd5 axb3 29. axb3 Rxb3 30. Rd2 Ra6 31. Bc1 Rc6 32. Bb2 Nc4 33. Nxc4
Rxc4 34. Kf2 Ke6 35. g3 Kf5 36. Re2 Ra4 37. g4+ Kg6 38. Bc1 Ra1 39. Be3 Raa3
40. h4 Kf7 41. h5 Kg7 42. Re1 Rb2+ 43. Kg3 Raa2 44. Rg1 Re2 45. Bc5 e4 46. fxe4
Rxe4 47. Kf3 Rc4 48. Bd6 Rc3+ 49. Kf4 Ra4+ 50. Kf5 Rf3+ 51. Ke6 Re4+ 52. Kd5
Ra4 53. Bc7 Kf7 54. Rg2 Rd3+ 55. Kc5 Rc3+ 56. Kb5 Ra1 0-1

[Event "V4 OPEN - International Championship of Slovakia 2
[Site "Banska Stiavnica"]
[Date "2013.07.13"]
[Round "8"]
[Board "80"]
[White "Kahancova, Jana"]
[Black "Majsniar, Jan"]
[Result "1-0"]
[WhiteElo "1636"]
[BlackElo "1309"]
[PlyCount "95"]
[EventDate "2013.07.06"]
[EventRounds "9"]
[EventCountry "SVK"]

1. e4 c5 2. Nf3 d6 3. d4 cxd4 4. Nxd4 Nc6 5. Nc3 a6 6. Be3 e6 7. Qd2 Nf6 8. f3
Be7 9. Be2 h6 10. O-O-O Nh7 11. g4 Bg5 12. Bxg5 Nxg5 13. h4 Nh7 14. Nxc6 bxc6
15. Qxd6 Qxd6 16. Rxd6 Bb7 17. Rhd1 Nf6 18. Na4 g5 19. Nc5 Rb8 20. Nxb7 O-O 21.
Bxa6 gxh4 22. Rh1 h5 23. gxh5 Nxh5 24. Rxh4 Nf6 25. Rd1 Rfe8 26. Rg1+ Kf8 27.
Rh8+ Ke7 28. Rxe8+ Rxe8 29. Rd1 Nd7 30. Nd6 Rd8 31. Be2 Nc5 32. Nc4 Ra8 33. a3
Rb8 34. Ne5 Rb6 35. b4 Na4 36. Rd7+ Kf6 37. Nxf7 Nc3 38. Bc4 Nb5 39. Kb2 Nd4
40. e5+ Kg6 41. Bd3+ Nf5 42. Bxf5+ Kxf5 43. c4 c5 44. b5 Kf4 45. Rd6 Rb7 46.
Nd8 Re7 47. Rxe6 Rxe6 48. Nxe6+ 1-0

[Event "V4 OPEN - International Championship of Slovakia 2
[Site "Banska Stiavnica"]
[Date "2013.07.13"]
[Round "8"]
[Board "81"]
[White "Bango, Dominik"]
[Black "Sosovicka, Jakub"]
[Result "1-0"]
[WhiteElo "1337"]
[BlackElo "1620"]
[PlyCount "119"]
[EventDate "2013.07.06"]
[EventRounds "9"]
[EventCountry "SVK"]

1. Nf3 d5 2. d4 Nf6 3. c4 e6 4. Nc3 Be7 5. e3 O-O 6. Be2 b6 7. O-O Bb7 8. Qc2
Nbd7 9. b3 c5 10. Bb2 Rc8 11. Rac1 Re8 12. Rfd1 Qc7 13. h3 Red8 14. Ba1 Ne4 15.
Nxe4 dxe4 16. Ne5 Bd6 17. Nxd7 Rxd7 18. Qb2 f6 19. Qc2 Rcd8 20. d5 exd5 21. Bg4
Re7 22. cxd5 Bxd5 23. Rxd5 Bh2+ 24. Kh1 Rxd5 25. Qc4 Qc6 26. Rd1 Be5 27. Rxd5
Kh8 28. Rd8+ Re8 29. Rxe8+ Qxe8 30. Bxe5 Qxe5 31. Qe6 Qxe6 32. Bxe6 g6 33. Kh2
Kg7 34. Kg3 f5 35. f3 Kf6 36. Bc4 Ke5 37. f4+ Kf6 38. h4 Kg7 39. Kh3 Kf6 40.
Be2 h5 41. Kg3 Kg7 42. Kf2 Kf7 43. Ke1 Ke6 44. Kd2 Kd6 45. Kc3 Ke6 46. Kc4 Kd6
47. Kb5 Kc7 48. Ka6 Kb8 49. Bc4 Ka8 50. Bf7 Kb8 51. Bxg6 Kc7 52. Bxf5 Kd6 53.
Bxe4 Ke6 54. Bg6 Kf6 55. Bxh5 Kf5 56. g4+ Ke4 57. g5 Kf5 58. e4+ Ke6 59. g6 Kf6
60. e5+ 1-0

[Event "V4 OPEN - International Championship of Slovakia 2
[Site "Banska Stiavnica"]
[Date "2013.07.13"]
[Round "8"]
[Board "82"]
[White "Zicho, Tony"]
[Black "Paulicka, Ivan"]
[Result "0-1"]
[WhiteElo "1618"]
[BlackElo "1775"]
[PlyCount "70"]
[EventDate "2013.07.06"]
[EventRounds "9"]
[EventCountry "SVK"]

1. e4 e5 2. Nf3 Nc6 3. Bb5 a6 4. Ba4 Nf6 5. O-O b5 6. Bb3 d6 7. Re1 Be7 8. c3
O-O 9. d4 exd4 10. cxd4 Bg4 11. d5 Ne5 12. Bg5 Nxf3+ 13. gxf3 Bh5 14. Bf4 Nd7
15. Kh1 Bg5 16. Bxg5 Qxg5 17. Rg1 Qf6 18. Rg3 Qxb2 19. Nd2 Qd4 20. Qe1 Nc5 21.
Bc2 Rae8 22. Nb3 Qf6 23. Kg2 Qe5 24. Rc1 f5 25. Bb1 fxe4 26. fxe4 Nxe4 27. Bxe4
Qxe4+ 28. Qxe4 Rxe4 29. Rxc7 Bg6 30. Rc6 Re2 31. Rxa6 Rexf2+ 32. Kh3 Bf5+ 33.
Kh4 Rxh2+ 34. Kg5 h6+ 35. Kf4 Bc8+ 0-1

[Event "V4 OPEN - International Championship of Slovakia 2
[Site "Banska Stiavnica"]
[Date "2013.07.13"]
[Round "8"]
[Board "83"]
[White "Hurton, Dusan"]
[Black "Uhrin, Milan"]
[Result "0-1"]
[WhiteElo "1471"]
[BlackElo "1394"]
[PlyCount "30"]
[EventDate "2013.07.06"]
[EventRounds "9"]
[EventCountry "SVK"]

1. e4 e5 2. Nf3 Nc6 3. Bc4 Bc5 4. Nc3 Nf6 5. a3 d6 6. Na4 Nxe4 7. Nxc5 Nxc5 8.
d4 exd4 9. Nxd4 Ne5 10. Ba2 O-O 11. O-O Qf6 12. b4 Ne6 13. f4 Nxd4 14. fxe5
Qxe5 15. Bf4 Ne2+ 0-1

[Event "V4 OPEN - International Championship of Slovakia 2
[Site "Banska Stiavnica"]
[Date "2013.07.13"]
[Round "8"]
[Board "84"]
[White "Ferkova, Dominika"]
[Black "Sedlacek, Richard"]
[Result "1-0"]
[WhiteElo "1603"]
[BlackElo "1628"]
[PlyCount "117"]
[EventDate "2013.07.06"]
[EventRounds "9"]
[EventCountry "SVK"]

1. d4 d5 2. c4 e6 3. Nc3 Nf6 4. Nf3 Be7 5. Bg5 O-O 6. e3 c5 7. dxc5 Bxc5 8.
cxd5 Bb4 9. dxe6 Bxe6 10. Qxd8 Rxd8 11. a3 Be7 12. Be2 Nc6 13. O-O a6 14. Rfd1
Bb3 15. Rxd8+ Rxd8 16. Bd1 Be6 17. Bc2 h6 18. Bh4 Na5 19. Rd1 Rxd1+ 20. Bxd1
Nc4 21. Na4 b5 22. Bxf6 Bxf6 23. b3 bxa4 24. bxc4 Bxc4 25. Bxa4 Bb2 26. Nd2 Bd3
27. f3 Bxa3 28. Kf2 g6 29. Nb3 Kg7 30. e4 Bc2 31. Ke2 Bb4 32. Nc5 Bxa4 33. Nxa4
a5 34. Kd3 f6 35. Kc4 Kf7 36. Kd5 Ke7 37. Nb6 Kf7 38. Kc6 Ke6 39. Kb5 f5 40.
exf5+ gxf5 41. Nc4 Bd6 42. Nxd6 Kxd6 43. Kxa5 Ke5 44. Kb6 f4 45. Kc5 h5 46. h4
Kf5 47. Kd5 Kg6 48. Ke5 Kh6 49. Kxf4 Kg6 50. g4 Kh6 51. Kf5 hxg4 52. fxg4 Kg7
53. g5 Kh7 54. h5 Kg7 55. g6 Kg8 56. Kf6 Kf8 57. g7+ Kg8 58. h6 Kh7 59. Kf7 1-0

[Event "V4 OPEN - International Championship of Slovakia 2
[Site "Banska Stiavnica"]
[Date "2013.07.13"]
[Round "8"]
[Board "85"]
[White "Surka, Marian"]
[Black "Rendla, Karol"]
[Result "1-0"]
[WhiteElo "1746"]
[BlackElo "1453"]
[PlyCount "23"]
[EventDate "2013.07.06"]
[EventRounds "9"]
[EventCountry "SVK"]

1. d4 e6 2. Nc3 Bb4 3. Qd3 d5 4. Bf4 Nc6 5. O-O-O h6 6. Nb5 Bd6 7. Bxd6 cxd6 8.
Qg3 g5 9. Nxd6+ Ke7 10. Nb5 Kd7 11. Qd6+ Ke8 12. Nc7+ 1-0

[Event "V4 OPEN - International Championship of Slovakia 2
[Site "Banska Stiavnica"]
[Date "2013.07.14"]
[Round "9"]
[Board "2"]
[White "Repka, Christopher"]
[Black "Markos, Jan"]
[Result "1/2-1/2"]
[WhiteElo "2361"]
[BlackElo "2580"]
[PlyCount "0"]
[EventDate "2013.07.06"]
[EventRounds "9"]
[EventCountry "SVK"]

1. Nf3 {[%clk 1:28:47]} Nf6 {[%clk 1:30:18]} 2. d4 {[%clk 1:29:15]} g6
{[%clk 1:30:40]} 3. c4 {[%clk 1:29:42]} Bg7 {[%clk 1:30:31]} 4. g3
{[%clk 1:30:10]} O-O {[%clk 1:27:53]} 5. Bg2 {[%clk 1:27:43]} d6 {[%clk 1:28:08]}
6. O-O {[%clk 1:28:05]} Nc6 {[%clk 1:28:13]} 7. Nc3 {[%clk 1:28:30]} a6
{[%clk 1:23:46]} 8. b3 {[%clk 1:28:50]} Rb8 {[%clk 1:23:31]} 9. Nd5
{[%clk 1:29:13]} Nd7 {[%clk 1:07:50]} 10. Bb2 {[%clk 1:26:52]} e6
{[%clk 1:08:02]} 11. Nc3 {[%clk 1:26:24]} e5 {[%clk 0:59:21]} 12. dxe5
{[%clk 1:21:27]} Ndxe5 {[%clk 0:59:38]} 13. Nxe5 {[%clk 1:21:43]} Nxe5
{[%clk 0:59:59]} 14. Qd2 {[%clk 1:20:16]} b5 {[%clk 0:48:48]} 15. cxb5
{[%clk 1:16:34]} axb5 {[%clk 0:49:12]} 16. Rac1 {[%clk 1:11:03]} c6
{[%clk 0:40:21]} 17. Ne4 {[%clk 0:58:25]} d5 {[%clk 0:40:43]} 18. Rfd1
{[%clk 0:58:20]} Ra8 {[%clk 0:37:35]} 19. Bc3 {[%clk 0:44:44]} Bg4
{[%clk 0:32:51]} 20. Qf4 {[%clk 0:38:12]} Re8 {[%clk 0:08:46]} 21. Bxe5
{[%clk 0:31:22]} Bxe5 {[%clk 0:03:56]} 22. Qxg4 {[%clk 0:31:50]} f5
{[%clk 0:04:21]} 23. Qh3 {[%clk 0:31:45]} fxe4 {[%clk 0:04:46]} 24. Rxc6
{[%clk 0:32:09]} Rxa2 {[%clk 0:03:17]} 25. Bxe4 {[%clk 0:31:11]} Rxe2
{[%clk 0:02:36]} 26. Bxd5+ {[%clk 0:30:01]} Kg7 {[%clk 0:02:47]} 27. Qf1
{[%clk 0:28:13]} Bd4 {[%clk 0:01:43]} 28. Rxd4 {[%clk 0:20:39]} Re1
{[%clk 0:02:08]} 29. Rd1 {[%clk 0:19:44]} Rxf1+ {[%clk 0:02:31]} 30. Kxf1
{[%clk 0:20:12]} Re7 {[%clk 0:01:21]} 31. Bf3 {[%clk 0:19:07]} Qf8
{[%clk 0:01:44]} 32. Kg2 {[%clk 0:18:48]} Rf7 {[%clk 0:02:08]} 33. Rc3
{[%clk 0:17:22]} Qb4 {[%clk 0:01:21]} 34. Rcd3 {[%clk 0:15:44]} Kh6
{[%clk 0:01:21]} 35. Rd4 {[%clk 0:15:48]} Qc3 {[%clk 0:01:06]} 36. R1d3
{[%clk 0:15:14]} Qc2 {[%clk 0:01:25]} 37. Rh4+ {[%clk 0:15:17]} Kg7
{[%clk 0:01:50]} 38. Rhd4 {[%clk 0:15:40]} Kh6 {[%clk 0:02:08]} 39. Rh4+
{[%clk 0:16:05]} Kg7 {[%clk 0:02:35]} 40. Rhd4 {[%clk 0:16:34]} Qb2
{[%clk 0:01:35]} 41. Rd7 {[%clk 0:15:21]} Rxd7 1/2-1/2